Normal view MARC view

Entry Personal Name

Number of records used in: 1

001 - CONTROL NUMBER

  • control field: 4989

003 - CONTROL NUMBER IDENTIFIER

  • control field: HDC

005 - DATE AND TIME OF LATEST TRANSACTION

  • control field: 20230624073209.0

008 - FIXED-LENGTH DATA ELEMENTS

  • fixed length control field: 210117|| aca||aabn | a|a d

040 ## - CATALOGING SOURCE

  • Original cataloging agency: HDC
  • Transcribing agency: HDC

100 ## - HEADING--PERSONAL NAME

  • Personal name: LIM, Kuang Long

670 ## - SOURCE DATA FOUND

  • Source citation: Work cat.: (HDC): LIM, Kuang Long author, The Facilitation At Pre-Internationalisation Stage: A Study Of Malaysian Foodservice Firms / by , [no year]
Halal Development Corporation Berhad (HDC)
5.02 Level 5, KPMG Tower, First Avenue, Persiaran Bandar Utama, 47800 Petaling Jaya, Selangor Darul Ehsan
Phone: +603 7965 5489 Email: [email protected]